Countries ending in A - Statistics

General Stats
  • This quiz has been taken 82 times
    55 since last reset
  • The average score is 59 of 74
Answer Stats
Answer % Correct
Australia
98%
Albania
95%
Andorra
95%
Algeria
93%
Austria
93%
Bulgaria
93%
Canada
93%
Colombia
90%
Lithuania
90%
Bosnia and Herzegovina
88%
Estonia
88%
Saudi Arabia
88%
Serbia
88%
Angola
85%
Argentina
85%
Armenia
85%
China
85%
Ghana
85%
India
85%
South Africa
85%
Antigua and Barbuda
83%
Cambodia
83%
Cuba
83%
Gambia
83%
Indonesia
83%
Latvia
83%
Libya
83%
Malta
83%
Nicaragua
83%
Russia
83%
Slovakia
83%
South Korea
83%
United States of America
83%
Eritrea
80%
Ethiopia
80%
Guatemala
80%
Liberia
80%
Namibia
80%
North Korea
80%
Panama
80%
Rwanda
80%
Slovenia
80%
Somalia
80%
Venezuela
80%
Zambia
80%
Botswana
78%
Croatia
78%
Dominica
78%
Kenya
78%
Mongolia
78%
Nigeria
78%
Romania
78%
Syria
78%
Tunisia
78%
Guyana
75%
Jamaica
75%
Mauritania
75%
Tanzania
75%
Tonga
75%
Bolivia
73%
Costa Rica
73%
Malaysia
73%
Uganda
73%
North Macedonia
70%
Saint Lucia
70%
Samoa
70%
Guinea
68%
Georgia
65%
Federated States of Micronesia
63%
Sri Lanka
63%
Grenada
60%
Moldova
60%
Equatorial Guinea
50%
Papua New Guinea
48%
No matching quizzes found
Score Distribution
Percent of People with Each Score
Percentile by Number Answered
Your Score History
You have not taken this quiz since the last reset